Mots qui commencent par S - Statistiques

Statistiques générales
  • Ce quiz a été pris 117 fois
  • Le résultat moyen est 18 sur 149
Statistiques - réponses
Réponse % Correct
sel
78%
salle
54%
sol
52%
sous
49%
sale
48%
salé
48%
souris
46%
sac
45%
sur
45%
savoir
40%
sourire
39%
serpent
38%
soi
34%
soupe
34%
sans
33%
sortir
30%
sable
28%
sens
28%
soleil
27%
sardine
26%
sentir
23%
seul
23%
sang
22%
savon
22%
sein
22%
servir
22%
singe
21%
sucre
21%
saumon
20%
service
20%
salut
18%
soie
18%
soir
18%
sage
17%
salon
17%
salopette
17%
sortie
17%
soulever
17%
super
17%
selle
16%
soirée
16%
souffrir
16%
sablier
13%
sapin
13%
sexe
13%
sorcière
13%
souvenir
13%
sauvage
12%
science
12%
signer
12%
soeur
12%
soif
12%
sommeil
12%
septembre
11%
seulement
11%
sombre
11%
souffle
11%
soulier
11%
souvent
11%
saison
10%
sauver
10%
sifflet
10%
solide
10%
sourcil
10%
sauf
9%
serveur/serveuse
9%
signature
9%
sirène
8%
solde
8%
solution
8%
sucette
8%
surprise
8%
savane
7%
saxophone
7%
scène
7%
sécher
7%
séchoir
7%
sergent
7%
siège
7%
silence
7%
soda
7%
souffrance
7%
squelette
7%
subir
7%
syllabe
7%
sauvegarder
6%
seconde
6%
servant/servante
6%
saluer
5%
sandale
5%
sexualité
5%
sien/sienne/siens/siennes
5%
sifflement
5%
solitaire
5%
soumettre
5%
spectacle
5%
symbole
5%
satellite
4%
secrétaire
4%
silencieux/silencieuse
4%
sodium
4%
songer
4%
souligner
4%
spécial/spéciale
4%
succès
4%
sympathique
4%
salaire
3%
secourir
3%
shampoing
3%
société
3%
soudain
3%
spaghetti
3%
spatule
3%
sperme
3%
safari
2%
scorpion
2%
séisme
2%
serviable
2%
sevrage
2%
sida
2%
sieste
2%
solidaire
2%
sondage
2%
soumission
2%
spermatozoïde
2%
surprenant
2%
symptôme
2%
syndrome
2%
synthèse
2%
système
2%
sagittaire
1%
sècheresse
1%
sécheuse
1%
segmenter
1%
sensualité
1%
sensuel
1%
soudainement
1%
spectre
1%
saisonnier
0%
sexisme/sexiste
0%
sexualisé
0%
signalisation
0%
sociable
0%
souricière
0%
souverain
0%
souveraineté
0%
suçon
0%
surligner
0%
sympathie
0%
Aucun quiz correspondant
Distribution des résultats
% des personnes avec chaque résultat
Percentile par nombre de réponses
Votre historique - résultats
Vous n’avez pas pris ce quiz